LEADER 01787cam--2200457---4500 001 990000458120203316 005 20160916144026.0 035 $a0045812 035 $aUSA010045812 035 $a(ALEPH)000045812USA01 035 $a0045812 100 $a20010521d1991----km-y0itay50------ba 101 0 $aita 102 $aIT 105 $ay|||||||001yy 200 1 $a<> processo di trasformazione dei sistemi finanziari$ele esperienze giapponese e statunitense a confronto$fThomas F. Cargill, Shoichi Royama$gpresentazione di Stefano Preda 210 $aMilano$cCariplo$d1991 215 $aXI, 249 p.$d25 cm 225 2 $aCollana internazionale di saggi monetari creditizi e bancari$h2. serie$v3 300 $aTraduzione di Raoul Pisani 410 0$12001$aCollana internazionale di saggi monetari creditizi e bancari$h2. serie$v3 454 0$12001$a<> transition of finance in Japan and the United States$938491 606 0 $aFinanza$yGiappone$xConfronto [con gli] Stati Uniti d'America$z1970-1988$2BNCF 676 $a332.0952 700 1$aCARGILL,$bThomas F.$0115339 701 1$aR?YAMA,$bSh?ichi$0545218 702 1$aPREDA,$bStefano$f<1949- > 702 1$aPISANI,$bRaoul 801 0$aIT$bsalbc$gISBD 912 $a990000458120203316 951 $aXXX.B. Coll. 16/ 10(COLL POR 3)$b77212 E.C.$cXXX.B. Coll.$d00285165 951 $aXXX.B. Coll. 16/ 10a(III 6 8)$bDSSS$cXXX.B. Coll.$d391060 959 $aBK 969 $aECO 979 $aPATTY$b90$c20010521$lUSA01$h1421 979 $c20020403$lUSA01$h1654 979 $aPATRY$b90$c20040406$lUSA01$h1632 979 $aRSIAV2$b90$c20100708$lUSA01$h0951 979 $aANNAMARIA$b90$c20160916$lUSA01$h1440 996 $aTransition of finance in Japan and the United States$938491 997 $aUNISA LEADER 01343oam 2200421z- 450 001 9910417803703321 005 20220420111213.0 035 $a(CKB)4100000011222096 035 $a(EXLCZ)994100000011222096 100 $a20220209c2019uuuu -u- - 101 0 $aita 200 00$aMettere in scena Wagner $eopera e regia tra Ottocento e contemporaneita? /$fa cura di Marco Targa e Marco Brighenti 210 $cLIM - Libreria Musicale Italiana 311 $a88-7096-979-7 517 $aMettere in scena Wagner 606 $aOpera$xStage-setting and scenery 606 $aOpera$xStage-setting and scenery$2fast$3(OCoLC)fst01046170 606 $aOper$2gnd 606 $aInszenierung$2gnd 606 $aRegie$2gnd 606 $aDramaturgie$2gnd 608 $aConference papers and proceedings.$2fast 608 $aHistory.$2fast 608 $aKonferenzschrift.$2gnd 615 0$aOpera$xStage-setting and scenery. 615 7$aOpera$xStage-setting and scenery. 615 7$aOper. 615 7$aInszenierung. 615 7$aRegie. 615 7$aDramaturgie. 686 $aMUS$2fid$qDE-12 686 $a803000 Wagner, Richard*by*ob*of$2sbb 702 $aTarga$b Marco$f1980- 702 $aBrighenti$b Marco 906 $aBOOK 912 $a9910417803703321 996 $aMettere in scena Wagner$93399806 997 $aUNINA LEADER 02796oas 2201033 a 450 001 9910263954303321 005 20260218110656.0 011 $a1753-5387 035 $a(DE-599)ZDB2137121-0 035 $a(OCoLC)60628034 035 $a(CONSER) 2007213189 035 $a(CKB)110985822452986 035 $a(DE-599)2137121-0 035 $a(EXLCZ)99110985822452986 100 $a20050614a19859999 sy a 101 0 $aafr 135 $aurun||||||||| 181 $ctxt$2rdacontent 182 $cc$2rdamedia 183 $acr$2rdacarrier 200 10$aJournal of literary studies =$eTydskrif vir literatuurwetenskap 210 1$aPretoria :$cSAVAL (South African Society for General Literary Studies) 210 21$a[Pretoria] :$cUniversity of South Africa :$cLASA ;$aLondon :$cRoutledge, Taylor and Francis Group 210 31$a[Pretoria] :$cUNISA Press 215 $a1 online resource (volumes) 300 $aRefereed/Peer-reviewed 300 $aSome issues have also distinctive titles. 311 08$a0256-4718 517 3 $aTydskrif vir literatuurwetenskap 517 1 $aJLS 517 1 $aTLW 517 1 $aJLS/TLW 606 $aLiterature$xHistory and criticism$vPeriodicals 606 $aCriticism$vPeriodicals 606 $aLitte?rature$xHistoire et critique$vPe?riodiques 606 $aCritique$vPe?riodiques 606 $aCriticism$2fast$3(OCoLC)fst00883735 606 $aLiterature$2fast$3(OCoLC)fst00999953 606 $aLiteratuurwetenschap$2gtt 608 $aCriticism, interpretation, etc.$2fast 608 $aPeriodicals.$2fast 608 $aPeriodicals.$2lcgft 615 0$aLiterature$xHistory and criticism 615 0$aCriticism 615 6$aLitte?rature$xHistoire et critique 615 6$aCritique 615 7$aCriticism. 615 7$aLiterature. 615 17$aLiteratuurwetenschap. 676 $a800 712 02$aSAVAL (Organization) 712 02$aLiterature Association of South Africa 712 02$aTaylor & Francis, 801 0$bOCLCS 801 1$bOCLCS 801 2$bNSD 801 2$bMUQ 801 2$bOCLCQ 801 2$bOCLCF 801 2$bOCLCO 801 2$bVT2 801 2$bOCLCQ 801 2$bQE2 801 2$bOCLCE 801 2$bOCLCQ 801 2$bOCLCA 801 2$bNLE 801 2$bUKMGB 801 2$bDLC 801 2$bGUA 801 2$bOCLCO 801 2$bOCLCQ 801 2$bIOY 801 2$bZYU 801 2$bS9M 801 2$bOCLCQ 801 2$bMUX 801 2$bAUD 801 2$bUAB 801 2$bFIE 801 2$bXFH 801 2$bBRL 801 2$bSZT 801 2$bOCLCL 801 2$bOCLCQ 906 $aJOURNAL 912 $a9910263954303321 996 $aJournal of literary studies$92251605 997 $aUNINA